000 00252nam a2200097Ia 4500
001 1198317
005 20250827021843.0
008 250824s9999 xx 000 0 und d
245 0 _aCENTİLMENLER VE OYUNCULAR
_cJOANNE HARRİS
260 _bALTIN KİTAPLAR
999 _c1198317
_d1198317